| 000 | 01102nam a22002657a 4500 | ||
|---|---|---|---|
| 005 | 20080905121451.0 | ||
| 008 | 110608t xxu||||| |||| 00| 0 hin d | ||
| 010 | _aHIN-92973 | ||
| 020 |
_c150.00 _a818744906x |
||
| 035 | _aHN-65319 | ||
| 037 | _bDBAD / PUB | ||
| 040 |
_aDPL _bHN |
||
| 082 | _a080 | ||
| 100 |
_928442 _aनागोरी, जीतेश |
||
| 245 |
_aसाक्षात्कार दर्पण / _cजीतेश नागोरी |
||
| 260 |
_aजयपुर _bजैन प्रकाशन मंदिर _c2008 |
||
| 270 |
_a1024, सींधी जी का रास्ता, चौड़ा रास्ता _bजयपुर _k0141- 319515 (ऑफिस) (निवास) 652639 _e302003 |
||
| 300 |
_a84पृ _c22सेमी (अजिल्द) |
||
| 650 | _928443 | ||
| 650 | _928455 | ||
| 700 | _928521 | ||
| 700 | _928536 | ||
| 942 |
_adpl _cHN _2ddc _mनागोरी _h080 |
||
| 999 |
_c53000 _d53000 |
||